| 000 | 00533nam a2200193 a 4500 | ||
|---|---|---|---|
| 005 | 20240911063744.0 | ||
| 008 | 991125s1995 mx 000 0 spa u | ||
| 020 | _a9682953170 | ||
| 035 | _aUPN01000005974 | ||
| 049 | _aCG | ||
| 050 | 4 |
_aF2536 _bV5.28 |
|
| 100 | 1 | _aViotti da Costa, Emilia | |
| 245 | 1 | 0 |
_aBrasil : _bde la monarquía a la república / _cEmilia Viotti de Costa. |
| 260 |
_aMéxico : _bCNCA, _c1995. |
||
| 300 | _a386 p. | ||
| 440 | 0 | _aClaves de América Latina | |
| 651 | 4 |
_aBrasil _xHistoria _99389 |
|
| 905 | _aLibro | ||
| 999 |
_c5974 _d5974 |
||